000
00291nam a2200121Ia 4500
008
190216s9999||||xx |||||||||||||| ||und||
100
_a
Pal D N G
245
0
_a
Multimeter Construction And Testing Methods
260
_b
Pioneer Pub
_c
1986
300
_a
86p
650
_a
Physics
942
_c
BK
999
_c
33058
_d
33058